<?xml version="1.0" encoding="UTF-8"?><?xml-stylesheet type="text/xsl" href="static/style.xsl"?><OAI-PMH xmlns="http://www.openarchives.org/OAI/2.0/" xmlns:xsi="http://www.w3.org/2001/XMLSchema-instance" xsi:schemaLocation="http://www.openarchives.org/OAI/2.0/ http://www.openarchives.org/OAI/2.0/OAI-PMH.xsd"><responseDate>2026-04-28T21:35:23Z</responseDate><request verb="GetRecord" identifier="oai:repisalud.isciii.es:20.500.12105/23785" metadataPrefix="marc">https://repisalud.isciii.es/rest/oai/request</request><GetRecord><record><header><identifier>oai:repisalud.isciii.es:20.500.12105/23785</identifier><datestamp>2024-11-28T20:36:03Z</datestamp><setSpec>com_20.500.12105_15322</setSpec><setSpec>com_20.500.12105_2051</setSpec><setSpec>col_20.500.12105_16967</setSpec></header><metadata><record xmlns="http://www.loc.gov/MARC21/slim" xmlns:dcterms="http://purl.org/dc/terms/" xmlns:doc="http://www.lyncode.com/xoai" xmlns:xsi="http://www.w3.org/2001/XMLSchema-instance" xsi:schemaLocation="http://www.loc.gov/MARC21/slim http://www.loc.gov/standards/marcxml/schema/MARC21slim.xsd">
   <leader>00925njm 22002777a 4500</leader>
   <datafield ind2=" " ind1=" " tag="042">
      <subfield code="a">dc</subfield>
   </datafield>
   <datafield ind2=" " ind1=" " tag="720">
      <subfield code="a">Gonzalez-Del-Hoyo, Maribel</subfield>
      <subfield code="e">author</subfield>
   </datafield>
   <datafield ind2=" " ind1=" " tag="720">
      <subfield code="a">Mas-Llado, Caterina</subfield>
      <subfield code="e">author</subfield>
   </datafield>
   <datafield ind2=" " ind1=" " tag="720">
      <subfield code="a">Blaya-Peña, Laura</subfield>
      <subfield code="e">author</subfield>
   </datafield>
   <datafield ind2=" " ind1=" " tag="720">
      <subfield code="a">Siquier-Padilla, Joan</subfield>
      <subfield code="e">author</subfield>
   </datafield>
   <datafield ind2=" " ind1=" " tag="720">
      <subfield code="a">Peral, Vicente</subfield>
      <subfield code="e">author</subfield>
   </datafield>
   <datafield ind2=" " ind1=" " tag="720">
      <subfield code="a">Rosselló, Xavier</subfield>
      <subfield code="e">author</subfield>
   </datafield>
   <datafield ind2=" " ind1=" " tag="260">
      <subfield code="c">2023-06-02</subfield>
   </datafield>
   <datafield ind2=" " ind1=" " tag="520">
      <subfield code="a">Aims: In randomized clinical trials (RCTs) rejecting the null hypothesis, the fragility index (FI) yields the minimum number of participants who would need to have had a different outcome for the results of the trial to become non-significant. We evaluated the robustness of RCTs supporting American College of Cardiology/American Heart Association (ACC/AHA) and European Society of Cardiology (ESC) clinical practice guidelines (CPGs) for ST-elevation myocardial infarction (STEMI) and non-ST-elevation acute coronary syndrome (NSTE-ACS) using the FI. Methods and results: There were 407 RCTs among the 2128 studies cited in the 2013 and 2014 ACC/AHA and 2017 and 2020 ESC CPGs for STEMI and NSTE-ACS, respectively. The FI could be calculated in 132 RCTs (32.4%) meeting the needed criteria for its estimation (two-arm RCT, 1:1 allocation, binary outcome, P &lt; 0.05). The median FI was 12 (interquartile range: 4-29). Hence, a change in the outcome status of 12 patients would be needed to reverse the statistical significance of the primary endpoint in 50% of the RCTs. The FI was ≤1% than their sample size in 55.7% RCTs, whereas in 47% of RCTs, the FI was lower than the number of patients lost to follow-up. Some study design features were associated with a higher FI (international, multicentre, private funding; all P &lt; 0.05), whilst baseline patient characteristics were not substantially different by FI (e.g. age, female sex, white study participants; all P > 0.05), except for geographic enrolment (P = 0.042). Conclusion: The FI might be useful to evaluate the robustness of those RCTs with statistically significant findings for the primary endpoint that have an impact on key guideline recommendations.</subfield>
   </datafield>
   <datafield ind1="8" ind2=" " tag="024">
      <subfield code="a">Gonzalez-Del-Hoyo M, Mas-Llado C, Blaya-Peña L, Siquier-Padilla J, Peral V, Rossello X. The fragility index in randomized clinical trials supporting clinical practice guidelines for acute coronary syndrome: measuring robustness from a different perspective. Eur Hear Journal Acute Cardiovasc Care. 2023 Mar 7.</subfield>
   </datafield>
   <datafield ind1="8" ind2=" " tag="024">
      <subfield code="a">https://hdl.handle.net/20.500.13003/20122</subfield>
   </datafield>
   <datafield ind1="8" ind2=" " tag="024">
      <subfield code="a">https://hdl.handle.net/20.500.12105/23785</subfield>
   </datafield>
   <datafield ind1="8" ind2=" " tag="024">
      <subfield code="a">36882068</subfield>
   </datafield>
   <datafield ind1="8" ind2=" " tag="024">
      <subfield code="a">10.1093/ehjacc/zuad021</subfield>
   </datafield>
   <datafield ind1="8" ind2=" " tag="024">
      <subfield code="a">2048-8734</subfield>
   </datafield>
   <datafield ind1="8" ind2=" " tag="024">
      <subfield code="a">European heart journal. Acute cardiovascular care</subfield>
   </datafield>
   <datafield ind1="8" ind2=" " tag="024">
      <subfield code="a">2-s2.0-85164314925</subfield>
   </datafield>
   <datafield ind1="8" ind2=" " tag="024">
      <subfield code="a">950587200001</subfield>
   </datafield>
   <datafield ind1="8" ind2=" " tag="024">
      <subfield code="a">L2025086552</subfield>
   </datafield>
   <datafield ind2="0" ind1="0" tag="245">
      <subfield code="a">The fragility index in randomized clinical trials supporting clinical practice guidelines for acute coronary syndrome: measuring robustness from a different perspective</subfield>
   </datafield>
</record></metadata></record></GetRecord></OAI-PMH>